000
00333nam a22001457a 4500
008
221025b ||||| |||| 00| 0 eng d
020
_a
9780198528470
041
_a
eng
080
_2
THIRD EDITION
_a
61
082
_a
61 STR
100
_a
4
101
_a
MJEK
245
_a
HEALTH MEASUREMENT SCALES
_c
STREINER D
942
_2
udc
_c
BK
999
_c
58667
_d
58667